Statistics for Public 4-Year Colleges: Ohio

Click here to take the quiz!

General Stats

  • This quiz has been taken 26 times
  • The average score is 8 of 12

Answer Stats

EnrollmentAnswer% Correct
61,677Ohio State University
100%
24,797Ohio Univeristy
100%
14,498University of Akron
81%
16,979University of Toledo
81%
19,264Miami University
77%
15,308Cleveland State University
73%
11,298Youngstown State Univeristy
69%
26,597Kent State University at Kent
65%
17,645Bowling Green State University
58%
40,329University of Cincinnati
54%
10,295Wright State University
42%
6,044Central State University
23%

Score Distribution

Percentile by Number Answered

Percent of People with Each Score

Your Score History

You have not taken this quiz